Retaliatory eviction and the Deregulation Act 2015 (Record no. 115595)

MARC details
000 -LEADER
fixed length control field 01762cam a22002775a 4500
001 - CONTROL NUMBER
control field L158936
008 - FIXED-LENGTH DATA ELEMENTS--GENERAL INFORMATION
fixed length control field 151016s2015 xxk f 000 0 eng d
020 ## - INTERNATIONAL STANDARD BOOK NUMBER
International Standard Book Number 9781409846949
035 ## - SYSTEM CONTROL NUMBER
System control number (Sirsi) u158936
041 0# - LANGUAGE CODE
Language code of text/sound track or separate title eng
110 2# - MAIN ENTRY--CORPORATE NAME
Corporate name or jurisdiction name as entry element United Kingdom
Subordinate unit Department for Communities and Local Government
9 (RLIN) 4939
245 00 - TITLE STATEMENT
Title Retaliatory eviction and the Deregulation Act 2015
Medium [electronic resource]
260 ## - PUBLICATION, DISTRIBUTION, ETC.
Place of publication, distribution, etc. London
Name of publisher, distributor, etc. DCLG
Date of publication, distribution, etc. 2015
520 ## - SUMMARY, ETC.
Summary, etc. Explains how tenants entering into assured shorthold tenancies on or after 1 Oct 2015 are protected against retaliatory eviction for six months after making a legitimate complaint about their property to local authorities and how landlords are required to carry out the repair. Outlines complaints procedure through a simple flow chart diagram. Outlines procedures open to landlords to gain access to private rented property under Sections 8 and 21 (using the prescribed Standard Form 6A) . Landlords are required to provide tenants with a valid Energy Performance Certificate and Gas Safety Certificate and a copy of DCLG's "How to rent: the checklist for renting in England" in order to be serve a valid S21 notice. Measures introduced by Deregulation Act 2015, effective from 1 October 2015.
650 24 - SUBJECT ADDED ENTRY--TOPICAL TERM
Topical term or geographic name entry element PROTECTION FROM EVICTION
650 24 - SUBJECT ADDED ENTRY--TOPICAL TERM
Topical term or geographic name entry element PRIVATE RENTED SECTOR
650 24 - SUBJECT ADDED ENTRY--TOPICAL TERM
Topical term or geographic name entry element S21 NOTICES
650 24 - SUBJECT ADDED ENTRY--TOPICAL TERM
Topical term or geographic name entry element S8 NOTICES
650 24 - SUBJECT ADDED ENTRY--TOPICAL TERM
Topical term or geographic name entry element REPAIRS
650 24 - SUBJECT ADDED ENTRY--TOPICAL TERM
Topical term or geographic name entry element DEREGULATION ACT 2015
651 #4 - SUBJECT ADDED ENTRY--GEOGRAPHIC NAME
Geographic name England
Chronological subdivision 886-
690 ## - LOCAL SUBJECT ADDED ENTRY--TOPICAL TERM (OCLC, RLIN)
Topical term or geographic name as entry element Landlord and tenant
9 (RLIN) 6252
690 ## - LOCAL SUBJECT ADDED ENTRY--TOPICAL TERM (OCLC, RLIN)
Topical term or geographic name as entry element Residential property
9 (RLIN) 6266
856 40 - ELECTRONIC LOCATION AND ACCESS
Uniform Resource Identifier <a href="https://www.gov.uk/government/uploads/system/uploads/attachment_data/file/465275/Retaliatory_Eviction_Guidance_Note.pdf">https://www.gov.uk/government/uploads/system/uploads/attachment_data/file/465275/Retaliatory_Eviction_Guidance_Note.pdf</a>
Public note View the item free of charge from the www.www.gov.uk website
942 ## - ADDED ENTRY ELEMENTS (KOHA)
Suppress in OPAC 0
Holdings
Withdrawn status Lost status Source of classification or shelving scheme Damaged status Not for loan Home library Current library Shelving location Date acquired Total Checkouts Full call number Barcode Date last seen Copy number Price effective from Koha item type
    Dewey Decimal Classification     Virtual Virtual Online 16/10/2015   ONLINE PUBLICATION 158936-2001 06/08/2019 1 06/08/2019 Book